|
|
|
|
| LEADER |
00000nam2a2200000 4500 |
| 001 |
365263 |
| 005 |
20231102011752.0 |
| 035 |
|
|
|a (RuTPU)RU\TPU\retro\22626
|
| 035 |
|
|
|a RU\TPU\retro\22615
|
| 035 |
|
|
|a RU\TPU\retro\22621
|
| 090 |
|
|
|a 365263
|
| 100 |
|
|
|a 20211221d1958 k y0rusy50 ca
|
| 101 |
0 |
|
|a rus
|
| 102 |
|
|
|a RU
|
| 105 |
|
|
|a a z 001zy
|
| 200 |
0 |
|
|a Т. 8 : Геология
|f под ред. Н. А. Шило
|
| 210 |
|
|
|d 1958
|
| 215 |
|
|
|a 444 с.
|c ил.
|
| 300 |
|
|
|a В томе предствлены работы, изданные ранее отдельными выпусками.
|
| 320 |
|
|
|a Библиогр. в конце ст.
|
| 461 |
|
1 |
|0 (RuTPU)RU\TPU\retro\21284
|t Труды ВНИИ-1 (Всесоюзного научно-исследовательского института золота и редких металлов)
|o [сборник трудов]
|f Всесоюзный научно-исследовательский институт золота и редких металлов
|v Т. 8 : Геология
|d 1957-1975
|
| 606 |
1 |
|
|a Геология
|2 stltpush
|3 (RuTPU)RU\TPU\subj\6095
|9 34054
|
| 610 |
1 |
|
|a золоторудные месторождения
|
| 610 |
1 |
|
|a Северо-Восток СССР
|
| 610 |
1 |
|
|a металлогения
|
| 610 |
1 |
|
|a петрология
|
| 610 |
1 |
|
|a петрография
|
| 610 |
1 |
|
|a петрохимия
|
| 610 |
1 |
|
|a структура
|
| 610 |
1 |
|
|a морфология
|
| 610 |
1 |
|
|a минералогия
|
| 610 |
1 |
|
|a оруденение
|
| 610 |
1 |
|
|a молибден
|
| 610 |
1 |
|
|a пластические деформации
|
| 610 |
1 |
|
|a прогнозные карты
|
| 610 |
1 |
|
|a тектоническое районирование
|
| 675 |
|
|
|a 55
|v 4
|
| 702 |
|
1 |
|a Шило
|b Н. А.
|4 340
|
| 801 |
|
1 |
|a RU
|b 63413507
|c 20211217
|
| 801 |
|
2 |
|a RU
|b 63413507
|c 20211221
|g RCR
|
| 942 |
|
|
|c BK
|